Catalog

Record Details

Catalog Search



Duchovní revoluce v srdci Evropy : pohled do dějin českého národa Cover Image Book Book

Duchovní revoluce v srdci Evropy : pohled do dějin českého národa Přemysl Pitter

Pitter, Přemysl (Author).

Record details

  • ISBN: 80-7017-840-X
  • Physical Description: 131 s.
  • Edition: 2. vyd.
  • Publisher: Praha Kalich 1995

Available copies

  • 1 of 1 copy available at Common Catalog SPOK.

Holds

  • 0 current holds with 1 total copy.
Show Only Available Copies
Location Call Number / Copy Notes Barcode Shelving Location Status Due Date
ETS Library 274.37 424470003400 Volný výběr Available -

LDR 00700nam a2 00241
00135216
003CZ-PrJAB
00520030606000000.0
008030606s1995 xr e |||| |cze
009cz
020 . ‡a80-7017-840-X
035 . ‡a(CONS)2209
035 . ‡aKPS4854
041 . ‡acze
08214. ‡a274.37
100 . ‡73249 ‡aPitter, Přemysl
245 . ‡aDuchovní revoluce v srdci Evropy : ‡bpohled do dějin českého národa ‡cPřemysl Pitter
250 . ‡a2. vyd.
260 . ‡aPraha ‡bKalich ‡c1995
300 . ‡a131 s.
653 . ‡aDuchovní revoluce v srdci Evropy ‡apohled do dějin českého národa
8524 . ‡bETS ‡bETS ‡cVolný výběr ‡j274.37 ‡gA ‡p424470003400
910 . ‡aABG450
999 . ‡a2209 ‡bAUTOGEN ‡c2209 ‡tbiblio
905 . ‡uadmin
901 . ‡a35216 ‡b ‡c35216 ‡tbiblio ‡sets

Additional Resources